Základy automatizácie a technickej kybernetiky 1

Bibliographic Details
Main Author: Zajac, Emanuel (Author)
Format: Book
Language:Slovak
PhysicalDescription:438 s. sch. 29 cm
Published: Zvolen VŠLD 1983
Subjects:

MARC

LEADER 00000nam a2200000 a 4500
001 vtls001387177
003 SK-MaSNL
005 20260302034531.0
008 240314s1983 xo n 00000 slo
035 |a SNK000341362 
040 |a SNK  |b slo  |c SNK  |e AACR2 
041 0 |a slo 
044 |a xo  |c SK 
080 |a 62:007  |2 2001 
080 |a 007  |2 2001 
080 |a 681.5  |2 2001 
080 |a (075.8)  |2 2001 
100 1 |a Zajac, Emanuel  |4 aut  |9 375581 
245 1 0 |a Základy automatizácie a technickej kybernetiky 1  |c Emanuel Zajac 
260 |a Zvolen  |b VŠLD  |c 1983 
300 |a 438 s.  |b sch.  |c 29 cm 
366 |e 600 výt. 
504 |a Bibliogr. 
650 0 7 |a technická kybernetika  |2 SNKPH  |9 67294 
650 0 7 |a automatizácia  |2 SNKPH  |9 1428 
655 7 |a učebnice vysokých škôl  |2 SNKPH  |9 70191 
958 |a OND 
958 |a NB 
999 |c 1066717  |d 1068647 
952 |t P60, <04>, [BOOK], {604}  |a SNK  |b SNK  |y VYP  |7 0  |p 17A0235590  |o snkSB 35564/1 D1  |0 0  |1 0  |4 0  |d 2000-04-17  |l 0  |r 2005-01-02 00:00:00  |w 2026-02-24 
952 |a SNK  |b SNK  |y PREZ  |7 0  |p 17A0782066  |o snkSB 35564/1  |0 0  |1 0  |4 0  |d 2012-03-16  |f 1  |l 0  |r 2025-04-11 00:00:00  |w 2026-02-24